00211 a2200085 450000100060000008200170000610000140002324500440003726000440008169011 a620.1122 SIN aSingh D.K aMechanics of solids theory and problems bPearson education asiaaNew Delhic2002